000 00412nam a2200145Ia 4500
008 230411s9999 xx 000 0 und d
020 _a978-81-8448-668-1
041 _aeng
082 _aR/610.724/FAI/B06129
100 _aFain James
_9178915
245 _aReading Understanding and Applying Nursing Research
260 _bF A Davis Company
_aPhiladelphia
_c2009
300 _a292p
999 _c156564
_d156564